|
|
|
|
| LEADER |
00000cam a2200000 7i4500 |
| 001 |
0000016343 |
| 002 |
000017841 |
| 005 |
20000330.0 |
| 020 |
|
|
|a 0006490549
|
| 090 |
0 |
0 |
|a 796.480222
|b WEL
|
| 100 |
1 |
|
|a Wels, Susan
|
| 245 |
1 |
0 |
|a The olympic spirit :
|b 100 years of the games
|c Susan Wels
|
| 260 |
|
|
|a San Francisco :
|b Collins Publishers ,
|c 1995
|
| 300 |
|
|
|a 180 p. :
|b ill. ;
|c 30 cm.
|
| 650 |
0 |
0 |
|a Olympics
|x History
|x Pictorial work
|
| 999 |
|
|
|a 00062578
|b BUKU
|c PINJAMAN
|e PERPUSTAKAAN KOMUNITI PETALING JAYA
|
| 999 |
|
|
|a 066088
|b BUKU
|c PINJAMAN
|e PERPUSTAKAAN KOMUNITI PETALING JAYA
|
| 999 |
|
|
|a 066089
|b BUKU
|c PINJAMAN
|e PERPUSTAKAAN KOMUNITI PETALING JAYA
|